| 000 | 00703nam a2200193 u 4500 | ||
|---|---|---|---|
| 001 | 000331254 | ||
| 003 | AM-YeHGA | ||
| 005 | 20250618072057.0 | ||
| 008 | 040504s1971 ai r 000 0 rus d | ||
| 040 | _aAM-YeHGA | ||
| 041 | 1 |
_arus _harm |
|
| 100 | 1 |
_aՇահինյան, Ազատ Նիկոլայի, _d1928-2002 _91284 |
|
| 245 | 1 | 0 |
_aМальчик и его добрые гномы / _cА. Шагинян; Пер. с арм. С. Казарян. |
| 260 |
_aЕреван : _bАйастан, _c1971. |
||
| 300 |
_a168 стр. : _b1 л. портр. ; _c18 см. |
||
| 650 | 1 | 4 |
_aАрмянская литература _xРассказ |
| 700 | 1 |
_aКазарян, Седа _eпер. _4trl |
|
| 090 | _c125496 | ||
| 999 |
_c124141 _d124141 |
||